000 00582nam a2200193Ia 4500
008 151121s9999||||xx |||||||||||||| ||und||
082 _a813-/अत्रे
082 _bHNW-53801
100 _aअत्रे प्रभाकर
245 _aपालखी
260 _b"मंदार प्रकाशन, पनवेल-रायगड"
260 _c--
300 _a162
600 _aअत्रे प्रभाकर
630 _aपालखी
700 _aअत्रे प्रभाकर
730 _aपालखी
942 _cBOOK
999 _c1237280
_d1237277